1172 1785 1501 1059 1697 1435 1422 1604 1842 1267 1075 1987 1976 1020 1534 1216 1951 1662 1327 1951 1228 1882 1895 1212 1868 1376 1583 1069 1587 1190 1126 1827 1408 1528 1210 1760 1864 1089 1127 1494 1783 1938 1234 1926 1096 1942 1523 1299 1257 1667 1305 1906 1067 1927 1297 1189 1292 1446 1134 1346 1487 1452 1055 1941 1579 1780 1033 1053 1681 1295 1402 1058 1612 1220 1877 1976 1854 1373 1180 1222 1922 1644 1688 1056 1678 1347 1837 1774 1912 1193 1560 1152 1597 1323 1840 1536 1549 1717 1878 BCNSPRNW ULIB Ver.6.0+V

เปลี่ยนเป็นภาษาไทย

Change to English
 แสดงรายละเอียดบรรณานุกรม
  กลับหน้าหลัก

Brief Record : Get Marc (ISO 2709) : E-mail record : QR code < ปิดหน้าต่าง
LEADER : 00000nam 2200000uu 4500
001    13399113739
003     ULIB
008    111220s2546||||th 000 0 tha d
020    ^a9744652721
060 04 ^aWA546^bก111น 2546
110 1  ^aกระทรวงสาธารณสุข^bกรมสนับสนุนบริการสุขภาพ.
245 10 ^aแนวปฏิบัติบริการสุขภาพสำหรับศูนย์สุขภาพชุมชน:ด้านการส่งสริมสุขภาพ /^cกรมสนับสนุนบริการสุขภาพ.
260    ^aนนทบุรี:^bกรมสนับสนุนบริการสุขภาพ,^c2546
300    ^a112 หน้า ;^c30 ซม.
650  7 ^aบริการสุขภาพ^xด้านจการรักษาพยาบาล
650  7 ^aศูนย์สุขภาพชุมชน
650  7 ^aการส่งเสริมสุขภาพ
945    ^p0^l0^i13015
945    ^p0^l0^i13014
995    ^aกัณชพร
999    ^aใช้งานได้ทุกระบบ
รายการนี้ยังไม่มีแท็ก
คุณยังไม่ได้ล็อกอิน คุณสามารถมีกิจกรรมร่วมกับเว็บไซต์ได้ แต่ต้องล็อกอินก่อน ::
  ล็อกอิน

รายการสื่อสารสนเทศ

ลำดับที่ ประเภท เลขเรียก/บาร์โค้ด สถานที่ สถานะ
- ไม่พบข้อมูล -

รายการใกล้เคียง
    หัวเรื่อง [ศูนย์สุขภาพชุมชน]
    หัวเรื่อง [การส่งเสริมสุขภาพ]

BibComment


ยังไม่เคยถูกคอมเมนท์

คอมเมนท์ทรัพยากรรายการนี้
  คอมเมนท์: แนวปฏิบัติบริการ..


 Copyright 2026. Bcnsprnw @Library